Functions of American English: Communication activities for the classroom ( Student's book )

Tallennettuna:
Bibliografiset tiedot
Päätekijä: Leo Jones
Aineistotyyppi: Kirja
Kieli:Undetermined
Julkaistu: Cambridge, UK Cambridge Univ. Press 1983
Aiheet:
Tagit: Lisää tagi
Ei tageja, Lisää ensimmäinen tagi!
Thư viện lưu trữ: Trung tâm Học liệu Trường Đại học Cần Thơ
LEADER 00673nam a2200205Ia 4500
001 CTU_57590
008 210402s9999 xx 000 0 und d
020 |b 175000 
082 |a 428.34 
082 |b J78 
100 |a Leo Jones 
245 0 |a Functions of American English: Communication activities for the classroom ( Student's book ) 
245 0 |c Leo Jones and C. von Baeyer 
260 |a Cambridge, UK 
260 |b Cambridge Univ. Press 
260 |c 1983 
650 |a americanisms,english language,english language 
650 |x conversation and phrase books,textbooks for foreigners 
904 |i Minh 
980 |a Trung tâm Học liệu Trường Đại học Cần Thơ